Iván Núñez Prieto. Trazos Y Huellas En La Educación Chilena
Gespeichert in:
| 1. Verfasser: | |
|---|---|
| Format: | Unbekannt |
| Sprache: | Englisch |
| Veröffentlicht: |
Santiago, Chile.
Universitaria,
2013
|
| Ausgabe: | 1a.ed. |
| Schlagworte: | |
| Tags: |
Tag hinzufügen
Keine Tags, Fügen Sie den ersten Tag hinzu!
|
MARC
| LEADER | 00000 a2200000 4500 | ||
|---|---|---|---|
| 003 | CL-VaPUC | ||
| 005 | 20220914113652.0 | ||
| 008 | 210422b ||||| |||| 00| 0 eng d | ||
| 999 | |c 432870 |d 432868 | ||
| 020 | |a 9789561123908 | ||
| 040 | |c Pontificia Universidad Católica de Valparaíso | ||
| 082 | |a 370.983 NER 2013 | ||
| 100 | |a Nervi Haltenhoff, María Loreto |e autora |9 549037 | ||
| 245 | |a Iván Núñez Prieto. |b Trazos Y Huellas En La Educación Chilena | ||
| 250 | |a 1a.ed. | ||
| 260 | |a Santiago, Chile. |b Universitaria, |c 2013 | ||
| 300 | |a 222 páginas | ||
| 583 | |k Cristina Rojas |c 20210422 | ||
| 600 | |a Núñez Prieto, Iván, |d 1932- |x Entrevistas |9 876625 | ||
| 650 | |a Educación |z Chile |x Historia |y Siglo 20 |9 862026 | ||
| 942 | |2 ddc |c BK | ||
| 952 | |0 0 |1 0 |2 ddc |4 0 |6 370_983000000000000_NER_2013 |7 0 |8 A |9 578341 |a BIBHIS |b BIBHIS |d 2021-06-29 |e 14 |g 10300.00 |i 5585694 |o 370.983 NER 2013 |p 5585694 |r 2025-01-20 |t 1 |v 10300.00 |w 2021-06-29 |y BK |k HIS | ||